'The' Books Author Match-Up Quiz Stats

 Plays Quiz Updated Sep 15, 2015

Challenge
Share
Tweet
Score 0/20 Timer 05:00
1 Play Today
% Correct
The Hobbit
97.6%
The Odyssey
94.2%
The Lorax
93.3%
The Tempest
92.3%
The BFG
81.1%
The Godfather
80.5%
The Aeneid
78.5%
The Prince
70.2%
The Rainmaker
67.9%
The Fountainhead
66.5%
% Correct
The Symposium
60.6%
The Jungle
60.6%
The Exorcist
58.5%
The Idiot
56.5%
The Waste Land
54.8%
The Decameron
45.2%
The Years
44.6%
The Castle
34.4%
The Moonstone
31.1%
The Kiss
28.8%

You're not logged in!

Compare scores with friends on all Sporcle quizzes.
OR
Log In

You Might Also Like...

Show Comments

Extras

Top Quizzes Today


Score Distribution

Your Account Isn't Verified!

In order to create a playlist on Sporcle, you need to verify the email address you used during registration. Go to your Sporcle Settings to finish the process.

Report this User

Report this user for behavior that violates our Community Guidelines.

Details: